00390 a2200121 4500001000900000005001700009008004100026245005800067100002800125700002300153700002300176773006900199ART_776720260410161555.0260409a 10aCompetencias del profesional en Ciencias Económicas1 aCanetti, Miguel Marcelo1 aFreire, Liliana B.1 aNeira, Graciela M.0 tProfesional & Empresariag- Año XI, Nº 114 (mar. 2009)wREV70